| 000 | 00836nam a22002297a 4500 | ||
|---|---|---|---|
| 007 | 00 | ||
| 008 | 160620b xxu||||| |||| 00| 0 eng d | ||
| 020 | _a978-2-7462-1829-1 | ||
| 040 |
_aBUAC _cBUC |
||
| 041 | _aFre. | ||
| 100 | _aBonnet, Pierre | ||
| 245 |
_aLe système d'information durable : _bla refonte progressive du SI avec SOA _c/ par Pierre Bonnet, Jean-Michel Detavernier, Dominique Vauquier |
||
| 260 |
_aParis : _bLavoisier, _c2008 |
||
| 300 |
_a313 p. _c23 cm. |
||
| 440 | _a(Collection Etudes et Logiciels Informatiques / dir. par Nicolas Manson) | ||
| 521 | _aCompr. Bibliogr. à la fin de chaque chapitre du vol. Index : pp. (311 - 313) | ||
| 630 | _aSCIENCES APPLIQUEES | ||
| 650 |
_aInformatique : système _919072 |
||
| 700 | _aDetavernier, Jean-Michel | ||
| 700 | _aVauquier, Dominique | ||
| 942 | _cLBA | ||
| 999 |
_c54627 _d54627 |
||